000 00705nam a2200253Ia 4500
003 OSt
005 20220923213532.0
006 a|||||r|||| 00| 0
007 ta
008 220922b |||||||| |||| 00| 0 hin d
024 _a162,658
037 _cTextual
040 _aARTS
_cARTS
_bhin
041 _2hin
_ahin
082 _aO152:3M80:63, H7
100 _aप्रेमचंद
_9156277
245 0 _aप्रेम पंचमी
246 _aPrem panchamī
250 _aसंस्क 4
260 _c1947
490 _aगंगा पुस्तकमाला; 115
942 _hO152:3M80:63, H7
_cTEXL
_2CC
999 _c317138
_d317138